Aktuálne trendy vo vývoji podnikového manažmentu
Aktuálne trendy vo vývoji podnikového manažmentu pre stredné a malé organizácie. Zmena modelu organizácie. Primeraný informačný systém. Formulácia stratégie ďalšieho rozvoja. Riadenie procesu zmien. Systematické školenia pracovníkov organizácie. Spravodlivé finančné ocenenie manažmentu. Etika ako sú...
Guardado en:
| Autor principal: | |
|---|---|
| Formato: | Capítulo de libro |
| Lenguaje: | eslovaco |
| Materias: | |
| Etiquetas: |
Sin Etiquetas, Sea el primero en etiquetar este registro!
|
MARC
| LEADER | 00000naa a2200000 4500 | ||
|---|---|---|---|
| 001 | r044799 | ||
| 005 | 20231002115544.2 | ||
| 041 | 0 | |a slo | |
| 044 | |a SK | ||
| 245 | 1 | 0 | |a Aktuálne trendy vo vývoji podnikového manažmentu |c Oto Košík |
| 520 | |a Aktuálne trendy vo vývoji podnikového manažmentu pre stredné a malé organizácie. Zmena modelu organizácie. Primeraný informačný systém. Formulácia stratégie ďalšieho rozvoja. Riadenie procesu zmien. Systematické školenia pracovníkov organizácie. Spravodlivé finančné ocenenie manažmentu. Etika ako súčasť manažmentu. Krátke anglické resume je na str. 330. | ||
| 610 | 2 | 0 | |a manažment |
| 610 | 2 | 0 | |a podnik malý |
| 610 | 2 | 0 | |a podnik stredný |
| 610 | 2 | 0 | |a štruktúra organizačná |
| 610 | 2 | 0 | |a systémy informačné |
| 610 | 2 | 0 | |a riadenie podnikové |
| 610 | 2 | 0 | |a školenie odborné |
| 610 | 2 | 0 | |a etika podniková |
| 610 | 2 | 0 | |a etika podnikateľská |
| 100 | 1 | |a Košík, Oto | |